ბათუმის შოთა რუსთაველის სახელმწიფო უნივერსიტეტის ბიბლიოთეკა

Структуры данных и алгоритмы (ბიბ.ჩანაწერი № 34996)

000 -LEADER
fixed length control field 00682nam a2200229Ia 4500
001 - CONTROL NUMBER
control field 833
003 - CONTROL NUMBER IDENTIFIER
control field GE_BSU
008 - FIXED-LENGTH DATA ELEMENTS--GENERAL INFORMATION
fixed length control field 181216s||||||||xx |||||||||||||| ||und||
020 ## - INTERNATIONAL STANDARD BOOK NUMBER
International Standard Book Number 9785845916105
040 ## - CATALOGING SOURCE
Transcribing agency GE_BSU
080 ## - UNIVERSAL DECIMAL CLASSIFICATION NUMBER
Universal Decimal Classification number 681.3.07(075.8)
100 ## - MAIN ENTRY--PERSONAL NAME
Personal name Альфред,Ахо В.;Холкрофт,Джон Э.;Ульман,Джеффри Д.
245 ## - TITLE STATEMENT
Title Структуры данных и алгоритмы
245 ## - TITLE STATEMENT
Remainder of title Учебное пособие
260 ## - PUBLICATION, DISTRIBUTION, ETC.
Place of publication, distribution, etc. Москва
260 ## - PUBLICATION, DISTRIBUTION, ETC.
Name of publisher, distributor, etc. Изд.дом "Вильямс
260 ## - PUBLICATION, DISTRIBUTION, ETC.
Date of publication, distribution, etc. 2010
300 ## - PHYSICAL DESCRIPTION
Extent 400стр.
653 ## - INDEX TERM--UNCONTROLLED
Uncontrolled term Структуры данных и алгоритмы
942 ## - ADDED ENTRY ELEMENTS (KOHA)
Koha item type წიგნი
ეგზემპლარები
Withdrawn status Lost status Damaged status Not for loan Date acquired Barcode Date last seen Price effective from Koha item type Public note
        2018-12-17 2388 2018-12-17 2018-12-17 წიგნი დარბაზი
        2018-12-17 2389 2018-12-17 2018-12-17 წიგნი დარბაზი
        2018-12-17 2390 2018-12-17 2018-12-17 წიგნი საცავი